LEADER 01960oam 2200505M 450 001 9910716167203321 005 20200213070916.2 035 $a(CKB)5470000002518442 035 $a(OCoLC)1065604156 035 $a(OCoLC)995470000002518442 035 $a(EXLCZ)995470000002518442 100 $a20071213d1926 ua 0 101 0 $aeng 135 $aurcn||||||||| 181 $ctxt$2rdacontent 182 $cc$2rdamedia 183 $acr$2rdacarrier 200 10$aTo allow credits in the accounts of certain disbursing officers of the Department of the Interior. February 1 (calendar day, February 10), 1926. -- Ordered to be printed 210 1$a[Washington, D.C.] :$c[U.S. Government Printing Office],$d1926. 215 $a1 online resource (7 pages) 225 1 $aSenate report / 69th Congress, 1st session. Senate ;$vno. 160 225 1 $a[United States congressional serial set ] ;$v[serial no. 8527] 300 $aBatch processed record: Metadata reviewed, not verified. Some fields updated by batch processes. 300 $aFDLP item number not assigned. 517 $aTo allow credits in the accounts of certain disbursing officers of the Department of the Interior. February 1 606 $aClaims 606 $aCollecting of accounts 606 $aPublic contracts 606 $aCivil service 608 $aLegislative materials.$2lcgft 615 0$aClaims. 615 0$aCollecting of accounts. 615 0$aPublic contracts. 615 0$aCivil service. 701 $aMeans$b Rice William$f1877-1949$pRepublican (CO)$01386800 801 0$bWYU 801 1$bWYU 801 2$bOCLCO 801 2$bOCLCQ 801 2$bOCLCO 801 2$bOCLCQ 906 $aBOOK 912 $a9910716167203321 996 $aTo allow credits in the accounts of certain disbursing officers of the Department of the Interior. February 1 (calendar day, February 10), 1926. -- Ordered to be printed$93538561 997 $aUNINA LEADER 02154nam0 2200493 i 450 001 MIL0219555 005 20251003044228.0 010 $a8842045292 020 $aIT$b95-3723 100 $a19960730d1994 ||||0itac50 ba 101 | $aita 102 $ait 181 1$6z01$ai $bxxxe 182 1$6z01$an 183 1$6z01$anc$2RDAcarrier 200 1 $aˆIl ‰pensiero politico di Pareto$fPaolo Bonetti 210 $aRoma \etc.!$cLaterza$d1994 215 $a228 p.$d21 cm 225 | $aˆI ‰pensatori politici$v7 300 $aSegue: Antologia di testi. 312 $aTit. in cop.: Pareto.$9MIL0116310 410 0$1001LO10262350$12001 $aˆI ‰pensatori politici$v7 517 1 $aPareto.$9MIL0116310 606 $aPareto, Vilfredo$xPensiero politico$2FIR$3CFIC025103$9I 676 $a320.092$9SCIENZA POLITICA. Persone$v21 676 $a320.092$9SCIENZA POLITICA. PERSONE$v22 676 $a320.5$9TEORIE E IDEOLOGIE POLITICHE$v12 676 $a320.5$9Scienza politica. Ideologie politiche$v14 676 $a320.5$9TEORIE E IDEOLOGIE POLITICHE$v20 676 $a320.5092$9Ideologie politiche. Persone$v20 676 $a320.5092$9IDEOLOGIE POLITICHE. Persone$v21 676 $a320.5092$9IDEOLOGIE POLITICHE. PERSONE$v23 676 $a320.50924$9IDEOLOGIE POLITICHE. BIOGRAFIE$v20 700 1$aBonetti$b, Paolo$f <1939-2019>$3CFIV028640$4070$01346181 702 1$aPareto$b, Vilfredo$3CFIV063949 790 1$aBonetti$b, Paolo$c $3SBNV100578$zBonetti, Paolo <1939-2019> 801 3$aIT$bIT-000000$c19960730 850 $aIT-BN0095 901 $bNAP 01$cPOZZO LIB.$nVi sono collocati fondi di economia, periodici di ingegneria e scienze, periodici di economia e statistica e altri fondi comprendenti documenti di economia pervenuti in dono. 912 $aMIL0219555 950 0$aBiblioteca Centralizzata di Ateneo$c1 v.$d 01POZZO LIB.ECON MON 6785$e 0101 0700177455E VMA 1 v. ( Precedente collocazione 17 Ec 745)$fB $h20220726$i20220726 977 $a 01 996 $aPensiero politico di Pareto$93072374 997 $aUNISANNIO